Signals and systems /

Bibliographic Details
Main Author: Chen, Chi-Tsong
Corporate Author: Knovel (Firm)
Format: eBook
Language:English
Published: Oxford ; New York : Oxford University Press, 2004.
Edition:Third edition.
Series:Oxford series in electrical and computer engineering.
Subjects:
Online Access:Connect to the full text of this electronic book

MARC

Tag First Indicator Second Indicator Subfields
LEADER 00000cam a2200000Ki 4500
001 in00003829821
006 m o d
007 cr cnu---unuuu
008 140307s2004 enka ob 001 0 eng d
005 20260609152934.7
010 |a  2003064970 
019 |a 961846687 
020 |a 9781628701678  |q (electronic bk.) 
020 |a 1628701676  |q (electronic bk.) 
020 |z 0195156617 
020 |z 9780195156614 
035 |a (OCoLC)871686835  |z (OCoLC)961846687 
040 |a KNOVL  |b eng  |e rda  |e pn  |c KNOVL  |d ZCU  |d OCLCQ  |d VT2  |d UtOrBLW 
049 |a TXAM 
050 4 |a QA402  |b .C4423 2004eb 
082 0 4 |a 003  |2 22 
100 1 |a Chen, Chi-Tsong.  |0 http://id.loc.gov/authorities/names/n79079585 
245 1 0 |a Signals and systems /  |c Chi-Tsong Chen. 
250 |a Third edition. 
264 1 |a Oxford ;  |a New York :  |b Oxford University Press,  |c 2004. 
300 |a 1 online resource (xviii, 424 pages) :  |b illustrations. 
336 |a text  |b txt  |2 rdacontent 
337 |a computer  |b c  |2 rdamedia 
338 |a online resource  |b cr  |2 rdacarrier 
490 1 |a The Oxford series in electrical and computer engineering 
500 |a Revised edition of: System and signal analysis. 2nd edition c1994. 
504 |a Includes bibliographical references (pages 399-400) and index. 
588 0 |a Print version record. 
650 0 |a System analysis.  |0 http://id.loc.gov/authorities/subjects/sh85131733 
650 0 |a Signal theory (Telecommunication)  |0 http://id.loc.gov/authorities/subjects/sh85122401 
650 7 |a Signal theory (Telecommunication)  |2 fast  |0 (OCoLC)fst01118306 
650 7 |a System analysis.  |2 fast  |0 (OCoLC)fst01141385 
655 7 |a Electronic books.  |2 local 
700 1 |a Chen, Chi-Tsong.  |t System and signal analysis. 
710 2 |a Knovel (Firm)  |0 http://id.loc.gov/authorities/names/nr2001027264 
776 1 8 |i Print version:  |a Chen, Chi-Tsong.  |t Signals and systems.  |b Third edition  |z 0195156617  |w (DLC) 2003064970  |w (OCoLC)53476969 
830 0 |a Oxford series in electrical and computer engineering.  |0 http://id.loc.gov/authorities/names/n96016068 
856 4 0 |u http://proxy.library.tamu.edu/login?url=https://app.knovel.com/hotlink/toc/id:kpSSE00002/signals-and-systems  |z Connect to the full text of this electronic book  |t 0 
999 f f |s d524082c-964b-3971-9568-6fb503738dfc  |i 48fd26b4-15ff-3fa1-af34-51f5be260f94  |t 0 
952 f f |a Texas A&M University  |b College Station  |c Electronic Resources  |s www_evans  |d Available Online  |t 0  |e QA402 .C4423 2004eb  |h Library of Congress classification 
998 f f |a QA402 .C4423 2004eb  |t 0  |l Available Online